Gminy województwa dolnośląskiego na mapie - Statystyki

Ogólne statystyki
  • Ten quiz został rozwiązany 1 124 razy
  • Średni wynik to 89 z 169
Odpowiedzi na mapie
Odpowiedzi zakodowano w zielono-czerwonej skali na mapie do tego quizu, zgodnie z poniższymi procentami.
 
Statystyki odpowiedzi
Powiat Typ gminy Gmina % Poprawnych
miasta na prawach powiatu miejska m. Wrocław
93%
miasta na prawach powiatu miejska m. Legnica
91%
kłodzki miejska | wiejska Kłodzko
90%
miasta na prawach powiatu miejska m. Jelenia Góra
90%
zgorzelecki miejska | wiejska Zgorzelec
89%
miasta na prawach powiatu miejska m. Wałbrzych
88%
lubiński miejska | wiejska Lubin
87%
głogowski miejska | wiejska Głogów
86%
bolesławiecki miejska | wiejska Bolesławiec
85%
świdnicki miejska | wiejska Świdnica
85%
jaworski miejska Jawor
84%
oławski miejska | wiejska Oława
84%
oleśnicki miejska | wiejska Oleśnica
84%
zgorzelecki miejsko-wiejska Bogatynia
83%
trzebnicki miejsko-wiejska Trzebnica
83%
kamiennogórski miejska | wiejska Kamienna Góra
82%
lubański miejska | wiejska Lubań
82%
polkowicki miejsko-wiejska Polkowice
82%
złotoryjski miejska | wiejska Złotoryja
82%
dzierżoniowski miejska | wiejska Dzierżoniów
81%
górowski miejsko-wiejska Góra
81%
milicki miejsko-wiejska Milicz
81%
karkonoski miejska Karpacz
80%
wołowski miejsko-wiejska Wołów
80%
lwówecki miejsko-wiejska Lwówek Śląski
79%
strzeliński miejsko-wiejska Strzelin
79%
karkonoski miejska Szklarska Poręba
79%
średzki miejsko-wiejska Środa Śląska
78%
ząbkowicki miejsko-wiejska Ząbkowice Śląskie
77%
wrocławski miejsko-wiejska Kąty Wrocławskie
76%
kłodzki miejska Kudowa-Zdrój
75%
kłodzki miejska | wiejska Nowa Ruda
71%
lubański miejska Świeradów-Zdrój
70%
kłodzki miejsko-wiejska Bystrzyca Kłodzka
69%
kłodzki miejska Polanica-Zdrój
69%
dzierżoniowski miejska Bielawa
68%
kłodzki miejsko-wiejska Lądek-Zdrój
68%
kłodzki miejska Duszniki-Zdrój
67%
wołowski miejsko-wiejska Brzeg Dolny
66%
kłodzki miejsko-wiejska Międzylesie
66%
kłodzki miejsko-wiejska Stronie Śląskie
66%
trzebnicki miejsko-wiejska Żmigród
66%
oławski miejsko-wiejska Jelcz-Laskowice
65%
karkonoski miejska Kowary
65%
ząbkowicki miejsko-wiejska Bardo
64%
świdnicki miejsko-wiejska Strzegom
64%
jaworski miejsko-wiejska Bolków
63%
kamiennogórski miejsko-wiejska Lubawka
63%
wałbrzyski miejska Boguszów-Gorce
61%
oleśnicki miejsko-wiejska Syców
61%
ząbkowicki miejsko-wiejska Złoty Stok
61%
trzebnicki miejsko-wiejska Oborniki Śląskie
60%
wrocławski miejsko-wiejska Sobótka
60%
legnicki miejska | wiejska Chojnów
59%
kłodzki miejsko-wiejska Radków
59%
lubiński miejsko-wiejska Ścinawa
59%
świdnicki miejsko-wiejska Jaworzyna Śląska
57%
ząbkowicki miejsko-wiejska Kamieniec Ząbkowicki
57%
karkonoski miejska Piechowice
57%
lwówecki miejsko-wiejska Gryfów Śląski
56%
średzki miejsko-wiejska Miękinia
56%
wrocławski miejsko-wiejska Siechnice
56%
zgorzelecki miejsko-wiejska Węgliniec
56%
wałbrzyski miejska Jedlina-Zdrój
55%
wałbrzyski miejska Szczawno-Zdrój
55%
polkowicki miejsko-wiejska Przemków
54%
świdnicki miejska Świebodzice
54%
wrocławski wiejska Kobierzyce
53%
lwówecki miejsko-wiejska Wleń
52%
wrocławski wiejska Długołęka
51%
dzierżoniowski miejsko-wiejska Niemcza
51%
kłodzki miejsko-wiejska Szczytna
51%
ząbkowicki miejsko-wiejska Ziębice
51%
oleśnicki miejsko-wiejska Twardogóra
50%
oleśnicki miejsko-wiejska Bierutów
49%
kłodzki wiejska Lewin Kłodzki
49%
lwówecki miejsko-wiejska Mirsk
49%
dzierżoniowski miejsko-wiejska Pieszyce
49%
zgorzelecki miejsko-wiejska Pieńsk
47%
legnicki wiejska Legnickie Pole
46%
lubański miejsko-wiejska Leśna
46%
lwówecki miejsko-wiejska Lubomierz
46%
świdnicki miejsko-wiejska Żarów
46%
zgorzelecki miejska Zawidów
46%
oleśnicki miejsko-wiejska Międzybórz
45%
wałbrzyski miejsko-wiejska Mieroszów
44%
bolesławiecki miejsko-wiejska Nowogrodziec
44%
trzebnicki miejsko-wiejska Prusice
44%
górowski miejsko-wiejska Wąsosz
44%
polkowicki miejsko-wiejska Chocianów
43%
wałbrzyski miejsko-wiejska Głuszyca
43%
wrocławski wiejska Żórawina
43%
legnicki miejsko-wiejska Prochowice
42%
dzierżoniowski miejska Piława Górna
41%
złotoryjski miejsko-wiejska Świerzawa
41%
wrocławski wiejska Jordanów Śląski
40%
średzki wiejska Kostomłoty
40%
wrocławski wiejska Mietków
40%
lubański miejsko-wiejska Olszyna
40%
wałbrzyski wiejska Walim
40%
dzierżoniowski wiejska Łagiewniki
39%
trzebnicki wiejska Wisznia Mała
38%
złotoryjski miejska Wojcieszów
38%
lubiński wiejska Rudna
37%
strzeliński miejsko-wiejska Wiązów
37%
wrocławski wiejska Czernica
36%
kamiennogórski wiejska Marciszów
34%
karkonoski wiejska Janowice Wielkie
33%
średzki wiejska Malczyce
33%
karkonoski wiejska Mysłakowice
33%
bolesławiecki wiejska Warta Bolesławiecka
33%
karkonoski wiejska Stara Kamienica
32%
wołowski wiejska Wińsko
31%
wałbrzyski wiejska Czarny Bór
30%
karkonoski wiejska Jeżów Sudecki
30%
karkonoski wiejska Podgórzyn
30%
oleśnicki wiejska Dziadowa Kłoda
29%
bolesławiecki wiejska Gromadka
29%
złotoryjski wiejska Pielgrzymka
28%
średzki wiejska Udanin
28%
ząbkowicki wiejska Ciepłowody
27%
świdnicki wiejska Marcinowice
27%
bolesławiecki wiejska Osiecznica
27%
świdnicki wiejska Dobromierz
26%
głogowski wiejska Jerzmanowa
26%
strzeliński wiejska Borów
25%
oleśnicki wiejska Dobroszyce
25%
legnicki wiejska Ruja
25%
zgorzelecki wiejska Sulików
25%
jaworski wiejska Wądroże Wielkie
25%
milicki wiejska Krośnice
24%
legnicki wiejska Kunice
24%
polkowicki wiejska Radwanice
24%
polkowicki wiejska Grębocice
23%
milicki wiejska Cieszków
22%
oławski wiejska Domaniów
22%
polkowicki wiejska Gaworzyce
22%
głogowski wiejska Kotla
22%
jaworski wiejska Męcinka
22%
legnicki wiejska Miłkowice
22%
lubański wiejska Platerówka
22%
wałbrzyski wiejska Stare Bogaczowice
22%
trzebnicki wiejska Zawonia
22%
jaworski wiejska Paszowice
21%
strzeliński wiejska Przeworno
21%
złotoryjski wiejska Zagrodno
21%
górowski wiejska Jemielno
20%
legnicki wiejska Krotoszyce
20%
strzeliński wiejska Kondratowice
19%
lubański wiejska Siekierczyn
19%
jaworski wiejska Mściwojów
18%
głogowski wiejska Pęcław
18%
ząbkowicki wiejska Stoszowice
18%
głogowski wiejska Żukowice
18%
górowski wiejska Niechlów
17%
Nie znaleziono quizów pasujących do podanych kryteriów
Rozkład punktacji
Procent ludzi z każdym wynikiem
Percentyl według liczby udzielonych odpowiedzi
Twoja historia wyników
Nie rozwiązałeś tego quizu